Normal view MARC view
  • Brey. Barary B.

Entry Personal Name

Number of records used in: 2

001 - CONTROL NUMBER

  • control field: 90

003 - CONTROL NUMBER IDENTIFIER

  • control field: OSt

005 - DATE AND TIME OF LATEST TRANSACTION

  • control field: 20160426165534.0

008 - FIXED-LENGTH DATA ELEMENTS

  • fixed length control field: 160426|| aca||aabn | a|a d

040 ## - CATALOGING SOURCE

  • Original cataloging agency: OSt
  • Transcribing agency: OSt

100 ## - HEADING--PERSONAL NAME

  • Personal name: Brey. Barary B.

670 ## - SOURCE DATA FOUND

  • Source citation: Work cat.: (OSt): Brey. Barary B., The Intel Microprocessors 8086/8088,80186/80188,80286,80286,808386,80486.., 1988